| 000 | 00629nam a2200217Ia 4500 | ||
|---|---|---|---|
| 003 | OSt | ||
| 005 | 20250225171356.0 | ||
| 008 | 210210b2013 xxu||||| |||| 00| 0 eng d | ||
| 020 | _a9788171197859 | ||
| 040 | _cAL | ||
| 041 | _ahin | ||
| 082 | _aH891.9 SIMH | ||
| 100 |
_aSIMH (Bachchan): _9202713 |
||
| 110 |
_bसिंह बच्चन _9202714 |
||
| 245 |
_aHindi sahity ka dusra itihas: _bहिंदी साहित्य का दूसरा इतिहास |
||
| 260 |
_aNayi Dilli _bRadhakrishnan _c2013 |
||
| 300 | _a536 | ||
| 690 |
_aHindi Criticism _9202715 |
||
| 906 | _a070662 | ||
| 942 |
_2ddc _cBK |
||
| 999 |
_c120130 _d120130 |
||